Právnici zlyhali, nastupujú finančníci
Príprava radikálnej dôchodkovej reformy. Výhľad, podielu dôchodku zo mzdy pri priebežnom financovaní, na roky 2000-2040. Porovnanie výdavkov dôchodcov v Nemecku, Česku a Slovensku.
Enregistré dans:
| Auteur principal: | |
|---|---|
| Format: | Chapitre de livre |
| Langue: | slovaque |
| Sujets: | |
| Tags: |
Pas de tags, Soyez le premier à ajouter un tag!
|
MARC
| LEADER | 00000naa a2200000 4500 | ||
|---|---|---|---|
| 001 | r046850 | ||
| 005 | 20230908084249.2 | ||
| 041 | 0 | |a slo | |
| 044 | |a SK | ||
| 245 | 1 | 0 | |a Právnici zlyhali, nastupujú finančníci |c Ľubomír Jurina |
| 520 | |a Príprava radikálnej dôchodkovej reformy. Výhľad, podielu dôchodku zo mzdy pri priebežnom financovaní, na roky 2000-2040. Porovnanie výdavkov dôchodcov v Nemecku, Česku a Slovensku. | ||
| 610 | 2 | 0 | |a poistenie dôchodkové |
| 610 | 2 | 0 | |a reformy |
| 610 | 2 | 0 | |a dôchodky starobné |
| 610 | 2 | 0 | |a politika dôchodková |
| 610 | 2 | 0 | |a penzie |
| 610 | 2 | 0 | |a dôchodcovia |
| 610 | 2 | 0 | |a Slovensko |
| 100 | 1 | |a Jurina, Ľubomír | |